000 01402nam a22002777a 4500
001 1170
005 20230807110904.0
008 230807b cb ||||| |||| 00| 0 khr d
020 _a9789924341147
040 _aFISKH
_beng
_cFISKH
_dFISKH
082 _a398.2454
100 _aSopheap, Siet
245 _aកូននាគវារី /
260 _aPhnom Penh :
_bSipar,
_c2021.
300 _a24 pages :
_bcolor illustrations ;
_c22 cm
490 _aខ្ញុំចេះអាន
505 _aG
520 _aវារីចេញទៅស្ទូចត្រីនៅទន្លេ ស្រាប់តែពេលនោះមានខ្យល់បក់យ៉ាងខ្លាំងហើយបានកួចវារីទៅដល់កោះមួយ ជាកន្លែងដែលវារីបានបង្កើតមិត្ត ជាមួយមិត្តថ្មីរបស់គេ។
520 _aVary went fishing in the river. Suddenly, a strong wind blew and whirled Vary to an island where Vary made friends with his new friend.
521 _a380
_bLexile estimate
521 _aG
_bRaz-Plus
650 _aស្ទូចត្រី
_vបង្កើតមិត្ត
_xកោះ
_yស្ពាន
650 _aFishing
_vMake friends
_xIsland
_yBridge
700 _aSopheap, Siet
_cillustrator
942 _2ddc
_cBK
_n0
999 _c1170
_d1170